00569nam a22002057a 4500003000800000005001700008008004100025020001500066040001700081041001200098082001600110100002200126245004500148260004300193300001900236650001800255653003100273653004300304653001600347IBSLLIB20260513091337.0260513b |||||||| |||| 00| 0 eng d a0671223534 aIBSLLIBbeng hEnglish a658.4 bMAC aMaccoby , Michael aThe Gamesman:bThe New Corporate Leaders aNew York :bSimon And Schuster ,c1933 a287 P ;c22 cm aThe Gamesman  aExecutives - United States aExecutives United States - Interviews  aLeadership